Využitie nových informačných a komunikačných technológií študentami vysokej školy : Záverečná práca

Gespeichert in:
Bibliographische Detailangaben
1. Verfasser: Karasová, Gabriela (Verfasst von)
Weitere Verfasser: Hambalík, Alexander (xxx)
Format: Manuskript Buch
Sprache:Slowakisch
Veröffentlicht: Trnava : STU v Bratislave MtF KIPP, 2002
Schlagworte:
Tags: Tag hinzufügen
Keine Tags, Fügen Sie das erste Tag hinzu!

MARC

LEADER 00000ntm a22000003a 4500
001 stu79199
005 20150617225642.5
008 030224s2002----xo------------------slo-d
040 |a STU  |b slo 
041 0 |a slo 
044 |a xo 
100 1 |a Karasová, Gabriela  |4 aut  |u C1180  |U FCHPT Ústav analytickej chémie  |T FCHPT Oddelenie analytickej chémie  |U C1180  |Y 108 
245 1 |a Využitie nových informačných a komunikačných technológií študentami vysokej školy :  |b Záverečná práca 
260 |a Trnava :  |b STU v Bratislave MtF KIPP,  |c 2002 
300 |a 37 s 
650 7 |a informačné technológie  |2 stusub 
650 7 |a komunikačné technológie  |2 stusub 
650 7 |a inžinierska pedagogika  |2 stusub 
700 1 |a Hambalík, Alexander  |4 xxx  |u M220  |U MTF Ústav inžinierskej pedagogiky a humatitných vied  |T MTF Katedra inžinierskej pedagogiky a psychológie  |U M220  |Y M220 
996 |b 284M061144  |c M*ZP-44  |l MMSKP  |s P  |a 0  |w stu79199_0001